| 000 | 01085nam a2200313 4500 | ||
|---|---|---|---|
| 999 |
_c9641 _d9641 |
||
| 001 | 9641 | ||
| 003 | BD-JhCC | ||
| 005 | 20180321134348.0 | ||
| 008 | 180321s1968 enkabch 001 0 eng | ||
| 020 | _a0600360660 | ||
| 035 | _a(BD-JhCC)9641 | ||
| 040 |
_aDLC _cDLC _dDLC _dBD-JhCC |
||
| 041 | 1 | _aengfre | |
| 050 | 0 | 0 |
_aD209 _b.H5153 1968 |
| 082 | 0 | 0 |
_a909.08 _bLAR 1968 |
| 240 | 0 | 0 | _aHistoire universelle Larousse. English. 1972 |
| 245 | 0 | 0 |
_aLarousse encyclopedia of modern history from 1500 to the present day / _cgeneral editor Marcel Dunan, English advisory editor John Roberts; [translated by Delano Ames]; foreword by Hugh Trevor-Roper. |
| 250 | _aNew revised ed. | ||
| 260 |
_aFeltham : _bHamlyn, _c1972. |
||
| 300 |
_a405p. _billus. (some col.), facsims., maps, ports. (some col.). _c30 cm. |
||
| 350 | _a£3.45 | ||
| 500 | _aIllus. on lining papers. | ||
| 500 | _aTranslation of Histoire universelle Larousse. | ||
| 650 | 0 | _aHistory, Modern. | |
| 700 | 1 | _aDunan, Marcel, | |
| 740 | _aEncyclopedia of modern history. | ||
| 942 |
_2ddc _cREF |
||